Pasacalles : diez cuentos policiales argentinos contemporáneos /
Guardado en:
| Autor Principal: | |
|---|---|
| Formato: | Libro |
| Publicado: |
Buenos Aires :
Distal,
2013
|
| Materias: | |
| Etiquetas: |
Agregar Etiqueta
Sin Etiquetas, Sea el primero en etiquetar este registro!
|
| LEADER | 01163nam a22002535a 4500 | ||
|---|---|---|---|
| 001 | CEM.cems014281 | ||
| 005 | 20140407131052.0 | ||
| 008 | 130507s2013##################000#0#####d | ||
| 003 | CEMS | ||
| 020 | |a 9789875023321 | ||
| 082 | 0 | 4 | |a 808.8 |
| 100 | 1 | |a Varela, Sergio | |
| 245 | 1 | 0 | |a Pasacalles : |b diez cuentos policiales argentinos contemporáneos / |c Compilación y Coordinación de Sergio Varela |
| 260 | |a Buenos Aires : |b Distal, |c 2013 | ||
| 300 | |a 160 p. | ||
| 505 | 0 | |a Ella era / Alejandra Añon -- El caso del obrero que golpeaba / Marcelo Birmajer -- El sistema educativo / Rodrigo Fresan -- Un asesino en la casa del amor / Pablo Krantz -- Movimiento continuo / Christian Kupchik -- La carterita blanca / Inés Legarreta -- La lengua / Tom Lupo -- El día que mataron a Duhalde / Dalmiro Saenz -- Subjuntivo / Juan Sasturain -- Pasacalles / Sergio Varela | |
| 653 | |a Literatura | ||
| 653 | |a Literatura argentina | ||
| 653 | |a Cuentos | ||
| 653 | |a Cuentos policiales | ||
| 653 | |a Cuentos-antología | ||
| 653 | |a Ministerio de educación-colección literaria | ||
| 653 | |a Antologías | ||
| 859 | |a CEMS |b BIB. CEMS - 11 de abril |h 808.8 |i V423 |p 26776.14 |t Ej.1 | ||
